ARRUPE JESUIT UNIVERSITY

CORONAVIRUS -STOP THE SPREAD - CLEAN,DISINFECT,COVER

The way forward for the First World church / (Record no. 126177)

MARC details
000 -LEADER
fixed length control field 01010cam a2200301 a 4500
001 - CONTROL NUMBER
control field 3848103
003 - CONTROL NUMBER IDENTIFIER
control field ARRUPE
005 - DATE AND TIME OF LATEST TRANSACTION
control field 20170222124902.0
008 - FIXED-LENGTH DATA ELEMENTS--GENERAL INFORMATION
fixed length control field 870831s1986 enk 000 0 eng
010 ## - LIBRARY OF CONGRESS CONTROL NUMBER
LC control number 87170710
020 ## - INTERNATIONAL STANDARD BOOK NUMBER
International Standard Book Number 0946848637 (pbk.) :
Terms of availability £0.50
040 ## - CATALOGING SOURCE
Original cataloging agency DLC
Transcribing agency DLC
Modifying agency DLC
041 1# - LANGUAGE CODE
Language code of text/sound track or separate title engpor
043 ## - GEOGRAPHIC AREA CODE
Geographic area code e------
-- cl-----
050 00 - LIBRARY OF CONGRESS CALL NUMBER
Classification number BR735
Item number .B64 1986
082 00 - DEWEY DECIMAL CLASSIFICATION NUMBER
Classification number 274/.0828
Edition number 19
300 ## - PHYSICAL DESCRIPTION
Dimensions 21 cm.
100 1# - MAIN ENTRY--PERSONAL NAME
Personal name Boff, Clodovis.
9 (RLIN) 13527
245 14 - TITLE STATEMENT
Title The way forward for the First World church /
Statement of responsibility, etc Clodovis Boff.
260 ## - PUBLICATION, DISTRIBUTION, ETC. (IMPRINT)
Place of publication, distribution, etc London :
Name of publisher, distributor, etc Catholic Institute for International Relations,
Date of publication, distribution, etc 1986.
300 ## - PHYSICAL DESCRIPTION
Extent 14 p. ;
440 #0 - SERIES STATEMENT/ADDED ENTRY--TITLE
Title Third World theology
9 (RLIN) 28950
500 ## - GENERAL NOTE
General note "Translated from the Portuguese version published in Libertar, Lisbon (April)"--Verso t.p.
650 #0 - SUBJECT ADDED ENTRY--TOPICAL TERM
Topical term or geographic name as entry element Liberation Theology
9 (RLIN) 28951
906 ## - LOCAL DATA ELEMENT F, LDF (RLIN)
a 7
b cbc
c orignew
d 3
e ncip
f 19
g y-gencatlg
942 ## - ADDED ENTRY ELEMENTS (KOHA)
Source of classification or shelving scheme Library of Congress Classification
Koha item type Monograph ( Printed materials)
Holdings
Withdrawn status Lost status Source of classification or shelving scheme Damaged status Not for loan Collection code Home library Current library Shelving location Date acquired Total Checkouts Full call number Barcode Date last seen Price effective from Koha item type
    Library of Congress Classification     Main Collection ARRUPE LIBRARY ARRUPE LIBRARY Main Collection 22/02/2017   BT83.57.B673 46500025772 22/02/2017 22/02/2017 Monograph ( Printed materials)

 

Arrupe Library. PO Box MP320 Mt Pleasant, Harare, Zimbabwe
263 242 745411|librarian@aju.ac.zw